[Event "Lichtenberger Sommer 2018"]
[Site "?"]
[Date "2018.08.18"]
[Round "1.55"]
[White "Meister, Alexander"]
[Black "Gräbnitz, Marc-Florian"]
[Result "0-1"]
[WhiteElo "1962"]
[BlackElo "1495"]
[PlyCount "56"]
[EventDate "2018.??.??"]
[WhiteTeam "vereinslos"]
[BlackTeam "SC Eintracht Berlin"]

1. d4 d5 2. Nf3 Nf6 3. g3 e6 4. Bg2 Bd6 5. O-O O-O 6. c4 c6 7. Nbd2 Nbd7 8. b3
e5 9. cxd5 Nxd5 10. Nc4 Qc7 11. Nxd6 Qxd6 12. Bb2 exd4 13. Qxd4 Qf6 14. Qd2 Qg6
15. Nh4 Qe6 16. e4 N5f6 17. Rfe1 Re8 18. Qc2 Nb6 19. Rad1 Bd7 20. Nf5 Red8 21.
Rd6 Qe8 22. Red1 Bxf5 23. exf5 Rxd6 24. Rxd6 Qe1+ 25. Bf1 Nbd5 26. Kg2 Qb4 27.
Be5 Re8 28. f4 Ne3+ 0-1

[Event "Lichtenberger Sommer 2018"]
[Site "?"]
[Date "2018.08.18"]
[Round "1.56"]
[White "Lalaev, Ashur"]
[Black "Wörz, Markus"]
[Result "1/2-1/2"]
[WhiteElo "1656"]
[BlackElo "2027"]
[PlyCount "94"]
[EventDate "2018.??.??"]
[WhiteTeam "TuS Makkabi Berlin"]
[BlackTeam "SC Kreuzberg"]

1. e4 e5 2. Nf3 Nc6 3. Nc3 Nf6 4. d4 exd4 5. Nxd4 Bb4 6. Nxc6 bxc6 7. Bd3 d5 8.
O-O Bxc3 9. bxc3 dxe4 10. Qe2 O-O 11. Bc4 Bf5 12. Bg5 h6 13. Bh4 Re8 14. Rab1
g5 15. Bg3 Rb8 16. Rbd1 Qe7 17. h4 Bg4 18. Qe3 Bxd1 19. Rxd1 Rbd8 20. Rb1 Nh5
21. hxg5 Qxg5 22. Qxa7 Nxg3 23. Qxc7 Nf5 24. Bxf7+ Kf8 25. Bxe8 Rxe8 26. Qxc6
e3 27. Qc5+ Kg8 28. Re1 exf2+ 29. Qxf2 Rf8 30. Qc5 Qg3 31. Qd5+ Kh8 32. Re6
Qxc3 33. Qe5+ Qxe5 34. Rxe5 Kg7 35. g4 Nd4 36. Rc5 Rf4 37. a4 Rxg4+ 38. Kf2 Ne6
39. Rc6 Kf6 40. a5 Ra4 41. a6 Ke5 42. c4 Ra3 43. Rb6 h5 44. Rb5+ Kd4 45. Rxh5
Kxc4 46. Rh4+ Kb5 47. Rh5+ Kc4 1/2-1/2

[Event "Lichtenberger Sommer 2018"]
[Site "?"]
[Date "2018.08.18"]
[Round "1.57"]
[White "Kornrumpf, Joachim"]
[Black "Morczynski, Joachim"]
[Result "1-0"]
[WhiteElo "2062"]
[BlackElo "1583"]
[PlyCount "67"]
[EventDate "2018.??.??"]
[WhiteTeam "Preetzer TSV"]
[BlackTeam "SK Zehlendorf"]

1. b3 Nf6 2. Bb2 g6 3. c4 Bg7 4. e3 d6 5. Nf3 O-O 6. Be2 e5 7. d3 Ne8 8. Qc2 f5
9. Nc3 Nf6 10. h4 h5 11. Nd5 Nxd5 12. cxd5 b6 13. Rc1 Na6 14. a3 Bb7 15. d4 Rc8
16. dxe5 dxe5 17. Nxe5 Qd6 18. Nc6 Bxb2 19. Qxb2 Nc5 20. b4 Ne4 21. Nxa7 Rcd8
22. Nb5 Qf6 23. Qxf6 Nxf6 24. Nxc7 Bxd5 25. O-O Rd7 26. Bb5 Rd6 27. Rfd1 Rfd8
28. Nxd5 Nxd5 29. Rc6 Kf7 30. Rxd6 Rxd6 31. Bc4 Ke6 32. a4 Ke5 33. f4+ Ke6 34.
a5 1-0

[Event "Lichtenberger Sommer 2018"]
[Site "?"]
[Date "2018.08.18"]
[Round "1.58"]
[White "Engelhardt, Erhard"]
[Black "Kapr, Klaus"]
[Result "0-1"]
[WhiteElo "1769"]
[BlackElo "1999"]
[PlyCount "54"]
[EventDate "2018.??.??"]
[WhiteTeam "SSV Rotation Berlin"]
[BlackTeam "SC Friesen Lichtenberg"]

1. f4 d5 2. e3 Nf6 3. Nf3 Bg4 4. h3 Bxf3 5. Qxf3 Nbd7 6. d4 e6 7. Bd3 Be7 8. c3
c6 9. Nd2 Qc7 10. b3 O-O-O 11. Bb2 h5 12. Rc1 Rdg8 13. a3 g5 14. Kd1 g4 15. Qf2
h4 16. c4 Nh5 17. Rg1 Ng3 18. Ke1 Nf6 19. cxd5 exd5 20. Kd1 gxh3 21. gxh3 Qd7
22. Qh2 Qe6 23. Re1 Nge4 24. Nxe4 Nxe4 25. Bxe4 Qxe4 26. Rc2 Rg3 27. Rc3 Rg2
0-1

[Event "Lichtenberger Sommer 2018"]
[Site "?"]
[Date "2018.08.18"]
[Round "1.59"]
[White "Bonnez, Finn"]
[Black "Ollek, Karl-Heinz"]
[Result "1-0"]
[WhiteElo "1946"]
[BlackElo "1681"]
[PlyCount "89"]
[EventDate "2018.??.??"]
[WhiteTeam "Norrebro Chessclub"]
[BlackTeam "SC Friesen Lichtenberg"]

1. d4 d5 2. Nf3 Nf6 3. Bf4 e6 4. e3 Bd6 5. Bg3 O-O 6. Bd3 Nc6 7. c3 Ne7 8. Nbd2
h6 9. Ne5 c5 10. f4 Nf5 11. Bf2 Be7 12. Qf3 c4 13. Bc2 Nd6 14. g4 Nfe4 15. Nxe4
dxe4 16. Bxe4 Bh4 17. Bc2 Rb8 18. O-O Bxf2+ 19. Qxf2 f5 20. Qe2 Qe8 21. Nxc4
Nxc4 22. Qxc4 b5 23. Qe2 Qg6 24. h3 Bb7 25. Kh2 Qe8 26. Rae1 Bd5 27. a3 Rc8 28.
e4 Bc4 29. Bd3 fxg4 30. Bxc4 g3+ 31. Kxg3 Rxc4 32. Rf2 Qb8 33. Qg4 Rf6 34. e5
Rf5 35. Kh2 Qf8 36. Rg1 g5 37. Rfg2 Kh7 38. fxg5 Rc7 39. gxh6 Rf2 40. Rxf2
Qxf2+ 41. Rg2 Qf8 42. Qg6+ Kh8 43. Qf6+ Qxf6 44. exf6 Rf7 45. Rg6 1-0

[Event "Lichtenberger Sommer 2018"]
[Site "?"]
[Date "2018.08.18"]
[Round "1.60"]
[White "Timm, Christian"]
[Black "Silz, Elisa"]
[Result "0-1"]
[WhiteElo "1651"]
[BlackElo "2002"]
[PlyCount "73"]
[EventDate "2018.??.??"]
[WhiteTeam "SV Herzberg"]
[BlackTeam "SV Empor Berlin"]

1. Nf3 Nf6 2. g3 g6 3. Bg2 Bg7 4. d4 O-O 5. O-O d6 6. c4 Nbd7 7. Nc3 e5 8. Bg5
h6 9. Bxf6 Bxf6 10. d5 a5 11. Qc2 Nc5 12. a3 a4 13. e4 Bg4 14. Nd2 Bg5 15. f4
exf4 16. gxf4 Bf6 17. Rae1 Re8 18. h3 Bd7 19. Nf3 Bg7 20. Re3 Nb3 21. Rfe1 Nd4
22. Qd1 Nxf3+ 23. Rxf3 Qf6 24. e5 dxe5 25. fxe5 Qb6+ 26. Kh1 Rxe5 27. Rxe5 Bxe5
28. Qd2 Kg7 29. Bf1 Re8 30. Qc2 Ra8 31. Kg2 f5 32. Qe2 Bf6 33. Re3 Rf8 34. Rg3
Re8 35. Qh5 Be5 36. Qh4 Qxb2+ 37. Kh1 0-1

[Event "Lichtenberger Sommer 2018"]
[Site "?"]
[Date "2018.08.18"]
[Round "1.61"]
[White "Kutschke, Jens"]
[Black "Wadepfuhl, Jeremy"]
[Result "1-0"]
[WhiteElo "1984"]
[BlackElo "1526"]
[PlyCount "53"]
[EventDate "2018.??.??"]
[WhiteTeam "SF 1903 Berlin"]
[BlackTeam "Borussia Lichtenberg"]

1. e4 d6 2. d4 Nf6 3. Nc3 e6 4. Be3 Be7 5. Qd2 Nbd7 6. O-O-O e5 7. f4 exd4 8.
Bxd4 Nb6 9. Nf3 Bg4 10. h3 Bxf3 11. gxf3 Qd7 12. h4 Nh5 13. Bh3 Qc6 14. Rdg1
Rg8 15. Re1 Bxh4 16. Rd1 Bg3 17. Bf1 Bxf4 18. Be3 Nc4 19. Bxc4 Qxc4 20. Rxh5
Be5 21. Rxe5+ dxe5 22. Qd7+ Kf8 23. Nd5 Re8 24. Nxc7 Qc6 25. Qxc6 bxc6 26. Bc5+
Re7 27. Rd8# 1-0

[Event "Lichtenberger Sommer 2018"]
[Site "?"]
[Date "2018.08.18"]
[Round "1.62"]
[White "Schiller, Stephan"]
[Black "Deutschbein, Christopher"]
[Result "0-1"]
[WhiteElo "1604"]
[BlackElo "1990"]
[PlyCount "128"]
[EventDate "2018.??.??"]
[WhiteTeam "SV Motor Wildau"]
[BlackTeam "Eckernförder SC"]

1. d4 d5 2. c4 e6 3. cxd5 exd5 4. Nf3 Nf6 5. Nc3 Ne4 6. e3 Bb4 7. Bd2 Nxd2 8.
Nxd2 O-O 9. Qb3 Nc6 10. a3 Bxc3 11. Qxc3 f5 12. g3 Ne7 13. Bg2 b6 14. O-O Ba6
15. Rfc1 Rc8 16. Nf3 c5 17. dxc5 bxc5 18. Rd1 Qd6 19. Rd2 Rb8 20. Rc1 Rfc8 21.
Qe5 Rb6 22. Qxd6 Rxd6 23. h3 Kf8 24. h4 g6 25. Rdc2 c4 26. Rd2 Rb8 27. Ng5 Kg7
28. Nh3 Rb5 29. Nf4 Rc5 30. Bf1 Rb6 31. Rcd1 Bb7 32. Bg2 Rcb5 33. Bxd5 Nxd5 34.
Nxd5 Bxd5 35. Rxd5 Rxb2 36. Rd7+ Kf6 37. Rxa7 Rc6 38. Rad7 c3 39. R1d6+ Rxd6
40. Rxd6+ Ke5 41. Rc6 c2 42. Kg2 Ke4 43. Rc7 h6 44. a4 g5 45. hxg5 hxg5 46. f3+
Kd5 47. Kh3 f4 48. gxf4 gxf4 49. exf4 Kd4 50. Rc8 Kd3 51. Kg4 Rb3 52. Rd8+ Ke2
53. Rc8 Kd2 54. Rxc2+ Kxc2 55. f5 Kd3 56. Kg5 Kd4 57. Kg4 Ke5 58. f4+ Kf6 59.
a5 Ra3 60. a6 Rxa6 61. Kf3 Kxf5 62. Ke3 Rd6 63. Kf3 Rd3+ 64. Ke2 Rh3 0-1

[Event "Lichtenberger Sommer 2018"]
[Site "?"]
[Date "2018.08.18"]
[Round "1.63"]
[White "Eberlein, Johann"]
[Black "Bastian, Reinhard"]
[Result "1-0"]
[WhiteElo "1936"]
[BlackElo "1667"]
[PlyCount "103"]
[EventDate "2018.??.??"]
[WhiteTeam "BSV 63 Chemie Weißensee"]
[BlackTeam "vereinslos"]

1. Nc3 e6 2. e4 d5 3. Qe2 dxe4 4. Nxe4 Nf6 5. Nxf6+ Qxf6 6. Nf3 Nc6 7. c3 Bd6
8. d4 h6 9. Qe4 Qf5 10. Qxf5 exf5 11. Bd3 Bd7 12. O-O O-O-O 13. Re1 Rde8 14.
Bd2 g6 15. Rxe8+ Bxe8 16. Re1 Kd8 17. h4 a6 18. b4 Bf8 19. Bf4 f6 20. Bxc7+
Kxc7 21. Rxe8 Bg7 22. Rxh8 Bxh8 23. h5 gxh5 24. Bxf5 Ne7 25. Be6 f5 26. Kf1 Bf6
27. Ke2 Kd6 28. Bf7 Nd5 29. Bxd5 Kxd5 30. Kd3 b5 31. Nd2 f4 32. Ne4 Be7 33. Nd2
h4 34. f3 Bd8 35. Ne4 a5 36. bxa5 Bxa5 37. Nf6+ Ke6 38. Ng4 h5 39. Ne5 Kf5 40.
c4 bxc4+ 41. Nxc4 Bc7 42. d5 h3 43. gxh3 Kg5 44. d6 Bd8 45. a4 Kh4 46. a5 Kxh3
47. a6 Kg2 48. a7 h4 49. a8=Q h3 50. Qxd8 h2 51. Qg5+ Kxf3 52. Nd2+ 1-0

[Event "Lichtenberger Sommer 2018"]
[Site "?"]
[Date "2018.08.18"]
[Round "1.64"]
[White "Krawatzki, Armin"]
[Black "Plaza Reino, Agustin"]
[Result "1/2-1/2"]
[WhiteElo "1654"]
[BlackElo "1944"]
[PlyCount "59"]
[EventDate "2018.??.??"]
[WhiteTeam "Läufer Reinickendorf"]
[BlackTeam "Enniscorthy Chess Club"]

1. Nf3 d5 2. c4 e6 3. g3 Nf6 4. Bg2 c6 5. b3 Nbd7 6. Bb2 Bd6 7. O-O e5 8. cxd5
Nxd5 9. d3 O-O 10. Nbd2 f6 11. a3 N7b6 12. Qc2 Be6 13. Rfd1 c5 14. Rac1 Qd7 15.
Ne4 Rfc8 16. Nxd6 Qxd6 17. Nd2 Qe7 18. Qb1 Nd7 19. Rc2 Rf8 20. Qa1 Rad8 21.
Rdc1 b6 22. b4 cxb4 23. axb4 Nxb4 24. Rc7 a5 25. Ba3 Rfe8 26. Nc4 Rc8 27. Nxb6
Rxc7 28. Rxc7 Qd8 29. Rc8 Qe7 30. Rc7 1/2-1/2

[Event "Lichtenberger Sommer 2018"]
[Site "?"]
[Date "2018.08.18"]
[Round "1.65"]
[White "Joppien, Arne"]
[Black "Pathasart, Somchay"]
[Result "1-0"]
[WhiteElo "1921"]
[BlackElo "1750"]
[PlyCount "63"]
[EventDate "2018.??.??"]
[WhiteTeam "TSV Cadenberge"]
[BlackTeam "SG Weißensee 49"]

1. d4 d5 2. Nf3 Nf6 3. Bf4 e6 4. e3 Nc6 5. c4 Be7 6. Nc3 a6 7. a3 O-O 8. c5 Nh5
9. Bg3 Nxg3 10. hxg3 f5 11. b4 Bd7 12. Bd3 b6 13. g4 Be8 14. gxf5 exf5 15. Qc2
Qd7 16. cxb6 cxb6 17. Nxd5 Bd8 18. Bc4 Kh8 19. Ke2 b5 20. Bb3 Rc8 21. Qd1 Bf7
22. Nf4 Bc4+ 23. Bxc4 bxc4 24. Ng6+ Kg8 25. Nxf8 Kxf8 26. Rxh7 Ne7 27. Ne5 Qb5
28. Rh8+ Ng8 29. Qc2 c3+ 30. Ke1 Bf6 31. Qxf5 Qb7 32. Qe6 1-0

[Event "Lichtenberger Sommer 2018"]
[Site "?"]
[Date "2018.08.18"]
[Round "1.66"]
[White "Schild, Reinhard"]
[Black "Verbitsky, Jaroslaw"]
[Result "0-1"]
[WhiteElo "1601"]
[BlackElo "1845"]
[PlyCount "54"]
[EventDate "2018.??.??"]
[WhiteTeam "SG Weißensee 49"]
[BlackTeam "SV Mattnetz Berlin"]

1. d4 d5 2. e3 Bf5 3. Bd3 Bxd3 4. cxd3 c6 5. Nf3 Nd7 6. O-O e6 7. Nbd2 Bd6 8.
e4 Ne7 9. Re1 O-O 10. Nf1 Qb6 11. Ng3 Rfe8 12. b3 e5 13. dxe5 Nxe5 14. Bb2 Ng4
15. d4 Bxg3 16. hxg3 dxe4 17. Ne5 Nf6 18. Ng4 Ned5 19. Rc1 Qa5 20. Nxf6+ Nxf6
21. Rc5 Qxa2 22. Re2 Qa6 23. Re5 Rad8 24. Rxe8+ Rxe8 25. Rd2 Nd5 26. Qg4 Re6
27. Re2 Nf6 0-1

[Event "Lichtenberger Sommer 2018"]
[Site "?"]
[Date "2018.08.18"]
[Round "1.67"]
[White "Jaeger, Andre"]
[Black "Fiedler, Ronald"]
[Result "1-0"]
[WhiteElo "1974"]
[BlackElo "1657"]
[PlyCount "67"]
[EventDate "2018.??.??"]
[WhiteTeam "SC Rochade (Berlin)"]
[BlackTeam "Läufer Reinickendorf"]

1. d4 d5 2. c4 Nf6 3. cxd5 Nxd5 4. e4 Nf6 5. Nc3 c5 6. Bb5+ Bd7 7. dxc5 Qa5 8.
Qe2 e5 9. Bd2 Bxc5 10. Bxd7+ Nbxd7 11. Nd5 Qd8 12. Nf3 Nxd5 13. exd5 O-O 14.
O-O f6 15. Rad1 Nb6 16. Ba5 Qd6 17. Qb5 a6 18. Qb3 Rab8 19. Nh4 f5 20. Qh3 Nc4
21. Bc3 g6 22. b3 Na3 23. Nf3 Rbe8 24. Ng5 Re7 25. Ne6 Rff7 26. Rfe1 e4 27.
Nxc5 Qxc5 28. Rc1 Rd7 29. Bb2 Qd6 30. Rc8+ Rf8 31. Qc3 Rxc8 32. Qxc8+ Rd8 33.
Qc3 Nb5 34. Qg7# 1-0

[Event "Lichtenberger Sommer 2018"]
[Site "?"]
[Date "2018.08.18"]
[Round "1.68"]
[White "Murat, Abylay"]
[Black "Badestein, Hartmut"]
[Result "0-1"]
[WhiteElo "1708"]
[BlackElo "2025"]
[PlyCount "42"]
[EventDate "2018.??.??"]
[WhiteTeam "SC Friesen Lichtenberg"]
[BlackTeam "SC Friesen Lichtenberg"]

1. d4 Nf6 2. Nc3 g6 3. e4 d6 4. Bg5 Nbd7 5. Bb5 c6 6. Bc4 b5 7. Bb3 b4 8. e5
bxc3 9. exf6 cxb2 10. Bxf7+ Kxf7 11. fxe7 Bxe7 12. Qf3+ Kg7 13. Bh6+ Kxh6 14.
Rb1 Rf8 15. Qxc6 Qa5+ 16. c3 Qxa2 17. Qe4 Nf6 18. Rxb2 Qxb2 19. Qxa8 Qc1+ 20.
Ke2 Ba6+ 21. Kf3 Rxa8 0-1

[Event "Lichtenberger Sommer 2018"]
[Site "?"]
[Date "2018.08.18"]
[Round "1.69"]
[White "Tschernatsch, Johannes"]
[Black "Caglar, Erdal"]
[Result "1-0"]
[WhiteElo "1714"]
[BlackElo "1486"]
[PlyCount "59"]
[EventDate "2018.??.??"]
[WhiteTeam "USV Potsdam"]
[BlackTeam "SW Lichtenrade"]

1. e4 Nc6 2. Nf3 f5 3. exf5 d5 4. Bb5 Bxf5 5. Ne5 Qd6 6. d4 e6 7. O-O a6 8.
Bxc6+ bxc6 9. b3 Ne7 10. Ba3 Qd8 11. Bxe7 Qxe7 12. Nxc6 Qg5 13. f4 Qf6 14. Nd2
Bd6 15. c4 Qh6 16. g3 g5 17. fxg5 Qxg5 18. Qe2 Bh3 19. Rf2 Bxg3 20. hxg3 Qxg3+
21. Kh1 Bg4 22. Qe5 Qh3+ 23. Rh2 Bf3+ 24. Nxf3 Qxf3+ 25. Rg2 Kd7 26. cxd5 Rae8
27. Kh2 exd5 28. Rg7+ Kxc6 29. Qxc7+ Kb5 30. Qc5# 1-0

[Event "Lichtenberger Sommer 2018"]
[Site "?"]
[Date "2018.08.18"]
[Round "1.70"]
[White "Theilig, Reinhard"]
[Black "Eisheh, Jens-Tarek"]
[Result "0-1"]
[WhiteElo "1598"]
[BlackElo "1947"]
[PlyCount "58"]
[EventDate "2018.??.??"]
[WhiteTeam "VfB Hermsdorf"]
[BlackTeam "Lübecker SV"]

1. Nf3 Nf6 2. c4 e6 3. g3 d5 4. Bg2 Be7 5. O-O O-O 6. b3 c6 7. Bb2 dxc4 8. bxc4
Qb6 9. Qc2 Na6 10. d4 c5 11. Nbd2 Bd7 12. Ne5 cxd4 13. Rab1 Nb4 14. Nxd7 Nxd7
15. Qe4 e5 16. Ba3 a5 17. Bc1 Nc5 18. Qxe5 Bf6 19. Qf5 g6 20. Qf3 Qe6 21. a3
Nc6 22. Rb5 Be7 23. Bb2 Rac8 24. Re1 Rfd8 25. Ne4 Qxc4 26. Rxc5 Bxc5 27. Rc1
Qa2 28. Ng5 Be7 29. Bxd4 Nxd4 0-1

[Event "Lichtenberger Sommer 2018"]
[Site "?"]
[Date "2018.08.18"]
[Round "1.71"]
[White "Heppert, Lars"]
[Black "Fricke, Janek Konrad"]
[Result "1-0"]
[WhiteElo "1925"]
[BlackElo "1485"]
[PlyCount "47"]
[EventDate "2018.??.??"]
[WhiteTeam "SK Neuburg"]
[BlackTeam "SV Empor Berlin"]

1. c4 c5 2. g3 d6 3. Bg2 Nf6 4. Nc3 Nc6 5. Nf3 e5 6. O-O a6 7. d3 Be6 8. Ne1
Be7 9. Nc2 d5 10. cxd5 Nxd5 11. Ne3 Nxc3 12. bxc3 O-O 13. c4 Rc8 14. Rb1 Rb8
15. Nd5 Bd6 16. a4 a5 17. f4 f6 18. f5 Bf7 19. g4 Nb4 20. e4 b6 21. h4 Nxd5 22.
exd5 Be7 23. Be4 Rb7 24. d6 1-0

[Event "Lichtenberger Sommer 2018"]
[Site "?"]
[Date "2018.08.18"]
[Round "1.72"]
[White "Hömke, Holger"]
[Black "Roth, Joachim"]
[Result "0-1"]
[WhiteElo "1578"]
[BlackElo "1959"]
[PlyCount "96"]
[EventDate "2018.??.??"]
[WhiteTeam "SK Zehlendorf"]
[BlackTeam "SG Bund"]

1. c4 e6 2. d4 d5 3. Nc3 c5 4. e3 Nf6 5. cxd5 exd5 6. Be2 Be7 7. Nf3 Nc6 8. O-O
O-O 9. dxc5 Bxc5 10. a3 a6 11. b4 Ba7 12. Bb2 Be6 13. Rc1 Qd6 14. Qd2 Rad8 15.
Rfd1 d4 16. Qc2 Ng4 17. Ne4 Qb8 18. h3 Nh6 19. g4 dxe3 20. Qc3 exf2+ 21. Kf1 f6
22. Nxf2 Bxf2 23. Kxf2 Kh8 24. Kg2 Bd5 25. Kf2 Nf7 26. g5 Nfe5 27. Rg1 Nxf3 28.
Bxf3 Qf4 29. Rg4 Qxf3+ 30. Qxf3 Bxf3 31. Kxf3 fxg5+ 32. Ke4 Rde8+ 33. Kd5 Rf5+
34. Kc4 h6 35. Rd1 Re7 36. Rd5 Rf4+ 37. Rxf4 gxf4 38. Rf5 Re2 39. Bc3 Re4+ 40.
Kb3 Kg8 41. h4 Nd4+ 42. Bxd4 Rxd4 43. Kc3 Re4 44. h5 Re3+ 45. Kd4 Rxa3 46. Rxf4
Ra4 47. Ke5 a5 48. b5 Rxf4 0-1

[Event "Lichtenberger Sommer 2018"]
[Site "?"]
[Date "2018.08.18"]
[Round "1.73"]
[White "Bartoszewski-Reiski, Olaf"]
[Black "Khalaf, Adnan"]
[Result "1-0"]
[WhiteElo "1873"]
[BlackElo "1465"]
[PlyCount "71"]
[EventDate "2018.??.??"]
[WhiteTeam "Korona Gdansk"]
[BlackTeam "Läufer Reinickendorf"]

1. e4 Nc6 2. d4 e5 3. d5 Nce7 4. Nf3 d6 5. Nc3 f5 6. exf5 Bxf5 7. Nh4 g6 8.
Nxf5 Nxf5 9. Bb5+ c6 10. dxc6 Kf7 11. cxb7 Rb8 12. Be3 Nxe3 13. fxe3 Nf6 14.
O-O Kg7 15. Nd5 Be7 16. Bc6 Rf8 17. b4 Nxd5 18. Qxd5 Bf6 19. b5 e4 20. Rad1 Be5
21. c4 Qh4 22. Rf4 Bxf4 23. exf4 Qxf4 24. Qd4+ Qf6 25. Qxa7 Qc3 26. Qd4+ Qxd4+
27. Rxd4 e3 28. Re4 Rf7 29. Rxe3 Kf8 30. a4 Rfxb7 31. Bxb7 Rxb7 32. a5 d5 33.
a6 Rb8 34. a7 Ra8 35. b6 dxc4 36. b7 1-0

[Event "Lichtenberger Sommer 2018"]
[Site "?"]
[Date "2018.08.18"]
[Round "1.74"]
[White "Korek, Jakob Alexander"]
[Black "Lange, Cecilia"]
[Result "0-1"]
[WhiteElo "1498"]
[BlackElo "1959"]
[PlyCount "130"]
[EventDate "2018.??.??"]
[WhiteTeam "Königsjäger Süd-West"]
[BlackTeam "TSG Oberschöneweide"]

1. d4 Nf6 2. c4 g6 3. Nc3 d5 4. cxd5 Nxd5 5. e4 Nxc3 6. bxc3 Bg7 7. Nf3 c5 8.
Be3 O-O 9. Be2 Qa5 10. Qd2 Rd8 11. Rd1 Bg4 12. h3 Bxf3 13. Bxf3 Nc6 14. e5 Bxe5
15. Bxc6 bxc6 16. O-O cxd4 17. cxd4 Qa4 18. Qc3 Bf6 19. Qb3 Qxb3 20. axb3 Rab8
21. Rd3 Kf8 22. Rc1 Rdc8 23. Bf4 Rb4 24. Be3 Rcb8 25. Rcc3 Ke8 26. Kf1 c5 27.
Rxc5 Rxb3 28. Rxb3 Rxb3 29. Ra5 Kd7 30. Rxa7+ Ke6 31. Ke2 h5 32. g3 Rb5 33. Kd3
Rd5 34. Ra6+ Rd6 35. Rxd6+ exd6 36. f3 d5 37. g4 Be7 38. Bf4 Ba3 39. Be3 Bd6
40. Bd2 hxg4 41. hxg4 Be7 42. Be3 Bh4 43. Bd2 Kf6 44. f4 Ke6 45. Ke3 Be7 46.
Kf3 f5 47. g5 Kd7 48. Ke2 Kc6 49. Kd3 Kb5 50. Bc3 Bb4 51. Bb2 Bd6 52. Bc1 Kb4
53. Be3 Kb3 54. Bc1 Bb4 55. Be3 Kb2 56. Bf2 Ba5 57. Be3 Bb4 58. Bf2 Kc1 59.
Be3+ Kd1 60. Bf2 Bd2 61. Bg3 Bc1 62. Bh2 Ke1 63. Kc2 Be3 64. Kd3 Bf2 65. Kc3
Kf1 0-1

[Event "Lichtenberger Sommer 2018"]
[Site "?"]
[Date "2018.08.18"]
[Round "1.75"]
[White "Bornschein, Burkhard"]
[Black "Lange, Malina"]
[Result "1-0"]
[WhiteElo "1971"]
[BlackElo "1488"]
[PlyCount "145"]
[EventDate "2018.??.??"]
[WhiteTeam "BSC Rehberge"]
[BlackTeam "SV Mattnetz Berlin"]

1. d4 d5 2. Nf3 Nf6 3. c4 dxc4 4. Nc3 e6 5. e3 c5 6. Bxc4 Nc6 7. O-O cxd4 8.
exd4 Bd6 9. d5 exd5 10. Re1+ Ne7 11. Nxd5 Nfxd5 12. Bxd5 O-O 13. Be4 Qc7 14.
Bg5 Rd8 15. Qe2 Bg4 16. Bxe7 Bxe7 17. Bxh7+ Kxh7 18. Qxe7 Qxe7 19. Rxe7 Bxf3
20. gxf3 b6 21. Rxf7 Rd2 22. b4 a5 23. Rf4 Rb2 24. bxa5 Rxa5 25. Kg2 Raxa2 26.
Rxa2 Rxa2 27. Rb4 Ra6 28. Kg3 Kh6 29. f4 Kh5 30. Rb5+ Kh6 31. Kg4 Kg6 32. h4
Kh6 33. f5 Ra4+ 34. f4 Ra6 35. Re5 Kh7 36. Rb5 Kh6 37. h5 Kh7 38. Kg5 Kg8 39.
Kg6 Ra1 40. f6 gxf6 41. Rxb6 Rg1+ 42. Kxf6 Rh1 43. Rb7 Rh2 44. f5 Rh1 45. Rb2
Rg1 46. Rb7 Rh1 47. Rg7+ Kh8 48. Rg5 Kh7 49. Kf7 Kh6 50. Rg8 Kh7 51. f6 Rxh5
52. Rg2 Rh1 53. Kf8 Rf1 54. f7 Rf3 55. Rg7+ Kh8 56. Rg6 Kh7 57. Re6 Rf1 58. Ke8
Kg7 59. Re7 Rxf7 60. Rxf7+ Kg6 61. Ke7 Kg5 62. Rf6 Kg4 63. Ke6 Kg5 64. Ke5 Kg4
65. Ke4 Kg5 66. Ra6 Kg4 67. Rg6+ Kh5 68. Rg8 Kh6 69. Kf5 Kh7 70. Rg6 Kh8 71.
Kf6 Kh7 72. Kf7 Kh8 73. Rh6# 1-0

[Event "Lichtenberger Sommer 2018"]
[Site "?"]
[Date "2018.08.18"]
[Round "1.76"]
[White "Plaza Reino, Mateo"]
[Black "Jimenez Jimenez, Darfo"]
[Result "1/2-1/2"]
[WhiteElo "1410"]
[BlackElo "1778"]
[PlyCount "81"]
[EventDate "2018.??.??"]
[WhiteTeam "Enniscorthy Chess Club"]
[BlackTeam "Lacorrala-Lawapys"]

1. d4 g6 2. Bf4 Bg7 3. e3 d6 4. Nf3 Nf6 5. h3 O-O 6. Be2 c5 7. c3 cxd4 8. cxd4
Nbd7 9. Nc3 Re8 10. O-O Qb6 11. Na4 Qa5 12. Qb3 e5 13. dxe5 Nxe5 14. Nxe5 dxe5
15. Bh2 Be6 16. Qb5 Qxb5 17. Bxb5 Bd7 18. Bxd7 Nxd7 19. Rfd1 Nb8 20. Nc5 b6 21.
Ne4 Nc6 22. Nc3 Rad8 23. Rxd8 Rxd8 24. Rd1 Rxd1+ 25. Nxd1 e4 26. Nc3 f5 27. Kf1
Kf7 28. Ke1 Ke6 29. Kd2 Nb4 30. Bg3 a6 31. a3 Nd3 32. b4 b5 33. h4 Nc1 34. Kxc1
Bxc3 35. Kd1 Bb2 36. Kc2 Be5 37. Bxe5 Kxe5 38. g3 h6 39. Kc3 g5 40. h5 g4 41.
Kb3 1/2-1/2

[Event "Lichtenberger Sommer 2018"]
[Site "?"]
[Date "2018.08.18"]
[Round "1.77"]
[White "Krieger, Fabian"]
[Black "Wilke, Hans-Peter"]
[Result "1-0"]
[WhiteElo "1936"]
[BlackElo "1515"]
[PlyCount "61"]
[EventDate "2018.??.??"]
[WhiteTeam "SV Mattnetz Berlin"]
[BlackTeam "Läufer Reinickendorf"]

1. d4 Nf6 2. Nf3 g6 3. Bg5 Bg7 4. Nbd2 d5 5. c3 O-O 6. e3 Nc6 7. Be2 Re8 8. O-O
e5 9. dxe5 Nxe5 10. Nxe5 Rxe5 11. Bf4 Re8 12. Bf3 Bf5 13. Qb3 Bd3 14. Rfd1 Ba6
15. e4 c6 16. exd5 Nxd5 17. Ne4 Qb6 18. Bg3 Qxb3 19. axb3 Re7 20. Bd6 Re6 21.
Ba3 Bf8 22. Nc5 Bxc5 23. Bxc5 Nf4 24. Be3 Nd3 25. Rxa6 bxa6 26. Rxd3 Rae8 27.
h3 R8e7 28. Kf1 Rb7 29. b4 Kf8 30. Rd8+ Re8 31. Bc5+ 1-0

[Event "Lichtenberger Sommer 2018"]
[Site "?"]
[Date "2018.08.18"]
[Round "1.78"]
[White "Ettel, Ralf"]
[Black "Schmidt, Rico"]
[Result "0-1"]
[WhiteElo "1549"]
[BlackElo "1804"]
[PlyCount "58"]
[EventDate "2018.??.??"]
[WhiteTeam "SK König Tegel"]
[BlackTeam "SG Weißensee 49"]

1. c4 e6 2. Nc3 d5 3. d4 Nf6 4. Bg5 Nbd7 5. cxd5 exd5 6. Nf3 Be7 7. e3 h6 8.
Bh4 O-O 9. Bd3 c6 10. O-O Ne4 11. Bxe7 Qxe7 12. Qc2 f5 13. h4 g5 14. hxg5 hxg5
15. Ne2 Rf7 16. Ne5 Nxe5 17. dxe5 Qxe5 18. f4 Qe7 19. Bxe4 fxe4 20. fxg5 Rg7
21. Rf6 Rxg5 22. Raf1 Qg7 23. Nd4 Bh3 24. R1f2 Bxg2 25. Ne6 Bf3+ 26. Nxg5 Qxg5+
27. Rg2 Qxg2+ 28. Qxg2+ Bxg2 29. Kxg2 Rf8 0-1

[Event "Lichtenberger Sommer 2018"]
[Site "?"]
[Date "2018.08.18"]
[Round "1.79"]
[White "Jecht, Christian"]
[Black "Mueller, Jörg René"]
[Result "1/2-1/2"]
[WhiteElo "1914"]
[BlackElo "1547"]
[PlyCount "56"]
[EventDate "2018.??.??"]
[WhiteTeam "SC Bavaria Regensburg von 1881"]
[BlackTeam "SC Zugzwang 95 (Berlin)"]

1. e4 e6 2. d4 c5 3. d5 d6 4. Nf3 a6 5. a4 e5 6. Nc3 Nf6 7. Be2 Be7 8. O-O O-O
9. a5 b6 10. axb6 Qxb6 11. Nd2 Bd7 12. Kh1 Ne8 13. f4 f6 14. Nc4 Qb7 15. Na4
Bxa4 16. Rxa4 Bd8 17. Bg4 Nd7 18. Be6+ Kh8 19. b3 Nb6 20. Nxb6 Bxb6 21. fxe5
dxe5 22. Qh5 g6 23. Qxe5 fxe5 24. Rxf8+ Kg7 25. Rg8+ Kf6 26. Rf8+ Kg7 27. Rg8+
Kf6 28. Rf8+ Kg7 1/2-1/2

[Event "Lichtenberger Sommer 2018"]
[Site "?"]
[Date "2018.08.18"]
[Round "1.80"]
[White "Wieczorek, Martin"]
[Black "Grassi, Fabrizio"]
[Result "0-1"]
[WhiteElo "1426"]
[BlackElo "1896"]
[PlyCount "107"]
[EventDate "2018.??.??"]
[WhiteTeam "SK Dessau 93"]
[BlackTeam "SV Berlin-Friedrichstadt"]

1. d4 d5 2. c4 e6 3. Nf3 Nf6 4. g3 dxc4 5. Bg2 Nc6 6. Qa4 Nd7 7. Qxc4 Nb6 8.
Qd3 e5 9. Nxe5 Nb4 10. Qf3 Be6 11. Na3 Qxd4 12. Qe3 Qxe3 13. Bxe3 Bd6 14. Nd3
Nxd3+ 15. exd3 Bb4+ 16. Ke2 Bxa3 17. bxa3 Bg4+ 18. Kd2 O-O-O 19. Kc2 Rhe8 20.
Rhe1 Bf5 21. Bf1 Kb8 22. Rad1 Be6 23. Kb2 Na4+ 24. Kc1 Bxa2 25. Rd2 Be6 26. d4
Nb6 27. Bg2 Bd5 28. Bh3 Nc4 29. Rd3 g6 30. f4 f5 31. Bf1 c6 32. Rc3 Nxe3 33.
Rcxe3 Rxe3 34. Rxe3 Kc7 35. Re7+ Rd7 36. Rxd7+ Kxd7 37. Kd2 Kd6 38. Kc3 c5 39.
dxc5+ Kxc5 40. Be2 b5 41. Bd1 a5 42. Bc2 b4+ 43. axb4+ axb4+ 44. Kb2 Kd4 45. g4
fxg4 46. f5 gxf5 47. Bxf5 h5 48. Kc2 Be4+ 49. Bxe4 Kxe4 50. Kd2 Kf3 51. Ke1 Kg2
52. Ke2 Kxh2 53. Kf2 g3+ 54. Kf3 0-1